MARC

LEADER 00000nam0a2200000 4500
001 352900
005 20231102010537.0
035 |a (RuTPU)RU\TPU\retro\9806 
090 |a 352900 
100 |a 20200217u k y0rusy50 ca 
101 0 |a eng 
102 |a RU 
105 |a a z 000zy 
200 1 |a Вертолет КА-26  |f Н. И. Камов 
210 |a Moscow  |c Aviaexport  |d [Б. г.] 
215 |a 24 p.  |c il. 
316 |5 63413507: КР-6819  |a На титульном листе дарственная надпись: "Глубокоуважаемому Петру Яковлевичу Слезко на память о встрече в Томске Н. Камов 11-V-71" 
606 1 |a Вертолеты  |x Оборудование  |2 stltpush  |3 (RuTPU)RU\TPU\subj\2281  |9 30864 
610 1 |a конструкции 
610 1 |a параметры 
610 1 |a использование 
610 1 |a английский язык 
610 1 |a Коллекция История ТПУ 
610 1 |a дарственные надписи 
675 |a 629.735.4  |v 4 
702 1 |a Камов  |b Н. И.  |c русский авиаконструктор  |c конструктор вертолетов  |c выпускник Томского технологического института  |f 1902-1973  |g Николай Ильич  |2 stltpush  |3 (RuTPU)RU\TPU\pers\20205  |4 320 
801 1 |a RU  |b 63413507  |c 20200217 
801 2 |a RU  |b 63413507  |c 20210330  |g RCR 
942 |c BK